[Event "15th HZ Open"]
[Site "Vlissingen NED"]
[Date "2011.07.30"]
[Round "1"]
[White "Timmermans, Ivo"]
[Black "Schuhmacher, Jakob"]
[Result "1/2-1/2"]
[WhiteElo "2232"]
[BlackElo "1841"]
[WhiteFideId "1002910"]
[BlackFideId "4612787"]
[EventDate "2011.07.30"]

1. e4 c6 2. d4 d5 3. e5 Bf5 4. Be3 e6 5. c3 Nd7 6. Nd2 c5 7. Bb5 cxd4 8. Bxd4 a6
9. Bxd7+ Qxd7 10. f4 Be7 11. Ngf3 Rc8 12. O-O Nh6 13. Qe2 Bg4 14. h3 Bxf3 15.
Nxf3 Nf5 16. Bf2 h5 17. g4 hxg4 18. hxg4 Nh4 19. Bxh4 Bxh4 20. Qh2 Qe7 21. g5
Qc5+ 22. Kg2 Qb5 23. Kh1 Qd3 24. Nxh4 Qh7 25. Nf3 Qg8 26. Nh4 Qh7 1/2-1/2

[Event "15th HZ Open"]
[Site "Vlissingen NED"]
[Date "2011.07.30"]
[Round "1"]
[White "Heltzel, Joost"]
[Black "Frijling, Jeroen"]
[Result "1-0"]
[WhiteTitle "CM"]
[WhiteElo "2225"]
[BlackElo "1840"]
[WhiteFideId "1010522"]
[BlackFideId "1001906"]
[EventDate "2011.07.30"]

1. e4 c5 2. Nf3 Nc6 3. d4 cxd4 4. Nxd4 e5 5. Nb5 d6 6. N1c3 a6 7. Na3 b5 8. Nd5
Nf6 9. Bg5 Be7 10. Bxf6 Bxf6 11. c3 O-O 12. Nc2 Bg5 13. g3 Be6 14. Bg2 Ne7 15.
O-O Nxd5 16. exd5 Bd7 17. Nb4 Qb6 18. Nc6 g6 19. b4 f5 20. a4 Bf6 21. a5 Qc7 22.
Rc1 Rac8 23. c4 bxc4 24. Qe2 Qb7 25. Qxc4 Kg7 26. Rc2 Ra8 27. Rb1 Rfc8 28. b5
Rc7 29. b6 e4 30. Qb4 Rcc8 31. Qxd6 Be8 32. f3 Be7 33. Qe5+ Bf6 34. Qd6 Be7 35.
Qf4 Bxc6 36. dxc6 Rxc6 37. Rxc6 Qxc6 38. b7 Rd8 39. fxe4 Qc5+ 40. Kh1 Qa7 41.
b8=Q Qd4 42. Qbe5+ 1-0

[Event "15th HZ Open"]
[Site "Vlissingen NED"]
[Date "2011.07.30"]
[Round "1"]
[White "Haast, Anne"]
[Black "Snikkers, Naomi"]
[Result "1-0"]
[WhiteTitle "WIM"]
[WhiteElo "2223"]
[BlackElo "1833"]
[WhiteFideId "1017292"]
[BlackFideId "1029282"]
[EventDate "2011.07.30"]

1. e4 c5 2. Nf3 d6 3. d4 cxd4 4. Nxd4 Nf6 5. Nc3 g6 6. Be3 Bg7 7. f3 a6 8. Qd2
Nbd7 9. O-O-O b5 10. Nc6 Qc7 11. Nb4 Bb7 12. g4 h6 13. Qf2 Rc8 14. Bd4 Nc5 15.
h4 Ne6 16. Bxf6 Bxf6 17. Nbd5 Bxd5 18. Nxd5 Qa5 19. Nxf6+ exf6 20. Kb1 Rc6 21.
f4 Qb6 22. Qd2 Ke7 23. f5 Nc5 24. Bg2 Rc7 25. g5 hxg5 26. hxg5 Rg8 27. gxf6+
Kxf6 28. fxg6 Rxg6 29. Rdf1+ Kg7 30. Qc3+ f6 31. Qh3 Kf7 32. Qh7+ Rg7 33. Rxf6+
Kxf6 34. Rf1+ Ke6 35. Bh3+ Ke5 36. Qf5+ Kd4 37. c3+ Kd3 38. Qd5+ 1-0

[Event "15th HZ Open"]
[Site "Vlissingen NED"]
[Date "2011.07.30"]
[Round "1"]
[White "Timmermans, Adri"]
[Black "Kuling, Lody"]
[Result "1/2-1/2"]
[WhiteElo "1832"]
[BlackElo "2223"]
[WhiteFideId "1026380"]
[BlackFideId "1019686"]
[EventDate "2011.07.30"]

1. e4 c5 2. Nf3 d6 3. d4 cxd4 4. Nxd4 Nf6 5. Nc3 a6 6. Be3 e5 7. Nb3 Be7 8. f3
Be6 9. Qd2 O-O 10. O-O-O a5 11. a4 Nc6 12. g4 Nb4 13. Kb1 Rc8 14. Qf2 Nd7 15.
Bb5 Qc7 16. h4 Nc5 17. Nxc5 dxc5 18. Nd5 Bxd5 19. exd5 Bd6 20. c3 Na6 21. b3 Qe7
22. Qc2 1/2-1/2

[Event "15th HZ Open"]
[Site "Vlissingen NED"]
[Date "2011.07.30"]
[Round "1"]
[White "Hamelink, Desiree"]
[Black "Peters, Harry"]
[Result "1-0"]
[WhiteTitle "WIM"]
[WhiteElo "2220"]
[BlackElo "1827"]
[WhiteFideId "1006258"]
[BlackFideId "1003194"]
[EventDate "2011.07.30"]

1. e4 c6 2. d4 d5 3. Nd2 dxe4 4. Nxe4 Bf5 5. Ng3 Bg6 6. h4 h6 7. Nf3 e6 8. h5
Bh7 9. Bd3 Bxd3 10. Qxd3 Nf6 11. Bd2 Qb6 12. O-O-O Nbd7 13. Ne4 Nxe4 14. Qxe4
Nf6 15. Qe2 Bd6 16. c4 Qc7 17. Kb1 O-O 18. g4 Bf4 19. g5 hxg5 20. Nxg5 Bxg5 21.
Bxg5 Nh7 22. Be3 f6 23. Rdg1 Qf7 24. Bh6 Ng5 25. Bxg5 fxg5 26. Rxg5 Qxf2 27.
Qxe6+ Qf7 28. Qg4 Qxc4 29. Rxg7+ Kh8 30. Rh7+ Kxh7 31. Qg6+ Kh8 32. Qh6+ Kg8 33.
Rg1+ Kf7 34. Rg7+ Ke8 35. Qe3+ 1-0

[Event "15th HZ Open"]
[Site "Vlissingen NED"]
[Date "2011.07.30"]
[Round "1"]
[White "Rademakers, Steven"]
[Black "Nabuurs, Joep"]
[Result "0-1"]
[WhiteElo "1824"]
[BlackElo "2218"]
[WhiteFideId "1027565"]
[BlackFideId "1020013"]
[EventDate "2011.07.30"]

1. e4 c5 2. Nc3 d6 3. Bc4 Nc6 4. d3 e6 5. a4 Nf6 6. Bg5 Be7 7. Nge2 O-O 8. O-O
a6 9. f4 Rb8 10. Qe1 Nb4 11. Bb3 b5 12. e5 dxe5 13. fxe5 Nfd5 14. Bxe7 Qxe7 15.
Qg3 c4 16. Ba2 Nxc2 17. Rac1 cxd3 18. Nf4 Nxf4 19. Qxf4 Bb7 20. Bb1 Rbc8 21. Ne4
Rc4 22. Nf6+ gxf6 23. Qg3+ Kh8 24. Rxf6 Rg8 25. Qxd3 Rxg2+ 26. Kf1 Qxf6+ 27.
exf6 Rf4+ 0-1

[Event "15th HZ Open"]
[Site "Vlissingen NED"]
[Date "2011.07.30"]
[Round "1"]
[White "Meurs, Tom"]
[Black "Punt, Willem"]
[Result "1-0"]
[WhiteElo "2217"]
[BlackElo "1814"]
[WhiteFideId "1021176"]
[BlackFideId "1001361"]
[EventDate "2011.07.30"]

1. e4 c6 2. d4 d5 3. Nd2 dxe4 4. Nxe4 Nd7 5. Ng5 Ngf6 6. Bd3 e6 7. N1f3 Be7 8.
Qe2 Qc7 9. Nxf7 Kxf7 10. Ng5+ Kf8 11. Nxe6+ 1-0

[Event "15th HZ Open"]
[Site "Vlissingen NED"]
[Date "2011.07.30"]
[Round "1"]
[White "Duchene, Rene"]
[Black "De Vleeschauwer, Ruben"]
[Result "1-0"]
[WhiteElo "2206"]
[BlackElo "1811"]
[WhiteFideId "1006304"]
[BlackFideId "214825"]
[EventDate "2011.07.30"]

1. Nf3 e6 2. c4 f5 3. g3 Nf6 4. Bg2 Be7 5. O-O O-O 6. d4 d6 7. b3 Qe8 8. Bb2 Qg6
9. e3 Ne4 10. Nfd2 Bg5 11. Nxe4 fxe4 12. Nc3 d5 13. cxd5 exd5 14. Nxd5 Bd8 15.
Qc2 Qh5 16. Qxe4 Bf5 17. Nf4 Bxe4 18. Nxh5 Bxg2 19. Kxg2 Nd7 20. Nf4 Nf6 21. f3
Re8 22. e4 1-0

[Event "15th HZ Open"]
[Site "Vlissingen NED"]
[Date "2011.07.30"]
[Round "1"]
[White "Dobbelaar, Martijn"]
[Black "Van Den Berg, Bram"]
[Result "0-1"]
[WhiteElo "1811"]
[BlackElo "2206"]
[WhiteFideId "1024973"]
[BlackFideId "1008684"]
[EventDate "2011.07.30"]

1. d3 d5 2. Nf3 Nc6 3. Nbd2 g6 4. e4 dxe4 5. Nxe4 Bg7 6. c3 e5 7. Be2 f5 8. Ned2
Be6 9. O-O Nf6 10. Re1 h6 11. Nxe5 Nxe5 12. d4 O-O 13. dxe5 Ng4 14. Bc4 Bxc4 15.
Nxc4 Qh4 16. Qf3 Qxh2+ 17. Kf1 b5 18. Bf4 Qh4 19. Qd5+ Kh7 20. Ne3 0-1

[Event "15th HZ Open"]
[Site "Vlissingen NED"]
[Date "2011.07.31"]
[Round "2"]
[White "Both, Erik"]
[Black "Landa, Konstantin"]
[Result "0-1"]
[BlackTitle "GM"]
[WhiteElo "2147"]
[BlackElo "2628"]
[WhiteFideId "1010999"]
[BlackFideId "4101685"]
[EventDate "2011.07.30"]

1. e4 c5 2. Nf3 e6 3. d3 Nc6 4. g3 Nge7 5. Bg2 g6 6. O-O Bg7 7. Re1 e5 8. Be3 b6
9. Nc3 O-O 10. Qd2 Bb7 11. Bh6 d6 12. h4 f6 13. Nh2 Nd4 14. Bxg7 Kxg7 15. Ne2 d5
16. Nxd4 cxd4 17. f4 dxe4 18. dxe4 Qd6 19. Nf3 Rad8 20. Rad1 Nc6 21. Kh2 Bc8 22.
Rf1 Bg4 23. Rde1 Qb4 24. Qc1 Qc5 25. a3 a5 26. Nd2 a4 27. Bf3 Bxf3 28. Nxf3 Rc8
29. Re2 Qb5 30. Ref2 exf4 31. gxf4 Rce8 32. Re1 Re7 33. Kg3 Qc5 34. Qd2 b5 35.
Rh2 Rfe8 36. Qd3 Qh5 37. Ree2 f5 38. exf5 Re3 0-1

[Event "15th HZ Open"]
[Site "Vlissingen NED"]
[Date "2011.07.31"]
[Round "2"]
[White "Smeets, Jan"]
[Black "Jansen, Norbert"]
[Result "1-0"]
[WhiteTitle "GM"]
[WhiteElo "2628"]
[BlackElo "2139"]
[WhiteFideId "1007246"]
[BlackFideId "1025422"]
[EventDate "2011.07.30"]

1. e4 c5 2. Nf3 e6 3. d4 cxd4 4. Nxd4 Nf6 5. Nc3 Nc6 6. Ndb5 Bc5 7. Bf4 O-O 8.
Bc7 Qe7 9. Bd6 Bxd6 10. Qxd6 Ne8 11. Qxe7 Nxe7 12. O-O-O f5 13. exf5 Nxf5 14. f3
d5 15. Nd4 Nxd4 16. Rxd4 Bd7 17. f4 Nd6 18. g3 Nf5 19. Rd2 Bc6 20. Rg1 Kf7 21.
Bh3 Rad8 22. Bxf5 exf5 23. Rgd1 Ke6 24. b4 b5 25. Ne2 Kd6 26. Nd4 Bd7 27. Nxb5+ 1-0

[Event "15th HZ Open"]
[Site "Vlissingen NED"]
[Date "2011.07.31"]
[Round "2"]
[White "Blom, Vincent"]
[Black "Postny, Evgeny"]
[Result "0-1"]
[BlackTitle "GM"]
[WhiteElo "2126"]
[BlackElo "2618"]
[WhiteFideId "1014358"]
[BlackFideId "2804344"]
[EventDate "2011.07.30"]

1. Nf3 c5 2. g3 Nc6 3. Bg2 g6 4. O-O Bg7 5. c4 Nh6 6. Nc3 O-O 7. a3 d6 8. Rb1 a5
9. a4 e5 10. d3 Nb4 11. Ng5 f6 12. Nge4 f5 13. Ng5 f4 14. Nge4 g5 15. Nb5 Ra6
16. Nec3 Kh8 17. Nd5 Nxd5 18. Bxd5 Qf6 19. b3 Qg6 20. e3 Ng4 21. h3 Nf6 22. Bg2
g4 23. exf4 gxh3 24. Bf3 Bf5 25. Rb2 Ng4 26. Bxg4 Bxg4 27. f3 Bf5 28. fxe5 Bxd3
29. Rff2 Qxg3+ 30. Kh1 Be4 31. exd6 Rxf3 32. Rg2 hxg2+ 33. Rxg2 Rd3 0-1

[Event "15th HZ Open"]
[Site "Vlissingen NED"]
[Date "2011.07.31"]
[Round "2"]
[White "L'Ami, Erwin"]
[Black "Porte, Henrik"]
[Result "1-0"]
[WhiteTitle "GM"]
[WhiteElo "2611"]
[BlackElo "2119"]
[WhiteFideId "1007998"]
[BlackFideId "1016326"]
[EventDate "2011.07.30"]

1. d4 d5 2. c4 c6 3. Nf3 Nf6 4. Nc3 dxc4 5. a4 Bg4 6. Ne5 Bh5 7. h3 Nbd7 8. Nxc4
e6 9. g4 Bg6 10. Bg2 Bb4 11. Qb3 a5 12. O-O Nb6 13. Na2 Qxd4 14. Nxb6 Qxb6 15.
Be3 c5 16. Rac1 Rc8 17. Nxb4 axb4 18. Qc4 Nd7 19. Rfd1 Ne5 20. Qb3 Rc7 21. Bf4
f6 22. a5 Qa6 23. Qe3 O-O 24. Bxe5 fxe5 25. Qxe5 Rfc8 26. Rd8+ Rxd8 27. Qxc7 Rf8
28. Bf3 e5 29. Qxe5 Qxa5 30. Rxc5 Qd8 31. Kg2 b3 32. Rc7 Bf7 33. Rxb7 Re8 34.
Qf4 Rf8 35. Qb4 h6 36. Qc3 Kh8 37. Be4 Kg8 38. f3 Qd1 39. Bd3 Re8 40. Rc7 Kf8
41. Qc5+ Kg8 42. Rxf7 1-0

[Event "15th HZ Open"]
[Site "Vlissingen NED"]
[Date "2011.07.31"]
[Round "2"]
[White "Hekhuis, Jeroen"]
[Black "Ikonnikov, Vyacheslav"]
[Result "0-1"]
[BlackTitle "GM"]
[WhiteElo "2117"]
[BlackElo "2553"]
[WhiteFideId "1011669"]
[BlackFideId "4100972"]
[EventDate "2011.07.30"]

1. d4 Nf6 2. Nf3 e6 3. c4 b6 4. g3 Ba6 5. Qc2 c5 6. Bg2 Bb7 7. Nc3 cxd4 8. Nb5
e5 9. O-O a6 10. Na3 Bxa3 11. bxa3 d6 12. e3 d3 13. Qc3 Nbd7 14. Rb1 Rc8 15. Qb4
Qc7 16. Bb2 a5 17. Qd2 O-O 18. Rfc1 Nc5 19. Qd1 Nfd7 20. h4 f5 21. h5 h6 22. Nh4
Bxg2 23. Kxg2 Qc6+ 24. f3 Rf7 25. Qd2 Nf6 26. Nxf5 Nfe4 27. Nxh6+ gxh6 28. fxe4
Qxe4+ 29. Kg1 Rf3 0-1

[Event "15th HZ Open"]
[Site "Vlissingen NED"]
[Date "2011.07.31"]
[Round "2"]
[White "Pavlovic, Milos"]
[Black "Punt, Roland"]
[Result "1-0"]
[WhiteTitle "GM"]
[WhiteElo "2541"]
[BlackElo "2116"]
[WhiteFideId "900389"]
[BlackFideId "1017527"]
[EventDate "2011.07.30"]

1. d4 f5 2. Nc3 Nf6 3. Bg5 e6 4. e4 fxe4 5. Nxe4 Be7 6. Bxf6 Bxf6 7. Nf3 b6 8.
Bd3 Ba6 9. Bxa6 Nxa6 10. c3 O-O 11. Qd3 Nb8 12. h4 Nc6 13. O-O-O Qe8 14. d5 Ne5
15. Nxe5 Bxe5 16. g3 c6 17. dxc6 d5 18. Ng5 Rf5 19. Rhe1 g6 20. f4 Bd6 21. Nxe6 1-0

[Event "15th HZ Open"]
[Site "Vlissingen NED"]
[Date "2011.07.31"]
[Round "2"]
[White "Hoffmann, Michael1"]
[Black "Hoffman, Ron"]
[Result "1-0"]
[WhiteTitle "GM"]
[WhiteElo "2493"]
[BlackElo "2106"]
[WhiteFideId "4601297"]
[BlackFideId "1007599"]
[EventDate "2011.07.30"]

1. d4 Nf6 2. c4 g6 3. Nc3 Bg7 4. e4 d6 5. h3 O-O 6. Bg5 Na6 7. Nf3 e5 8. d5 Qe8
9. g4 Nd7 10. a3 f5 11. gxf5 gxf5 12. Rg1 Kh8 13. exf5 Ndc5 14. Nh4 Bxf5 15.
Nxf5 Rxf5 16. Be3 Qf7 17. Qc2 e4 18. O-O-O Be5 19. b4 Qf6 20. Nb5 c6 21. dxc6
bxc6 22. bxc5 cxb5 23. cxd6 Rd8 24. Qxe4 Nc5 25. Bxc5 Bb2+ 26. Kb1 Rxc5 27. Bd3
Rh5 28. Rde1 Be5 29. c5 Qxf2 30. Rg2 Qxc5 31. Rg5 Qc3 32. Qxe5+ Qxe5 33. Rgxe5
Rxe5 34. Rxe5 Rxd6 35. Bxb5 Kg7 36. Re7+ Kf6 37. Rxa7 1-0

[Event "15th HZ Open"]
[Site "Vlissingen NED"]
[Date "2011.07.31"]
[Round "2"]
[White "Rosmuller, Anton"]
[Black "Henrichs, Thomas"]
[Result "1-0"]
[BlackTitle "IM"]
[WhiteElo "2091"]
[BlackElo "2475"]
[WhiteFideId "1007270"]
[BlackFideId "4626605"]
[EventDate "2011.07.30"]

1. d4 Nf6 2. c4 g6 3. Nc3 d5 4. cxd5 Nxd5 5. Qb3 Nxc3 6. bxc3 Bg7 7. Nf3 O-O 8.
Ba3 b6 9. e3 c5 10. Rd1 Qc7 11. Be2 Nc6 12. d5 Na5 13. Qc2 e6 14. c4 Re8 15. Bb2
Bxb2 16. Qxb2 Bb7 17. d6 Qd8 18. h4 f6 19. h5 e5 20. hxg6 hxg6 21. Nh4 Kg7 22.
Nxg6 Kxg6 23. Bh5+ Kg7 24. Bxe8 Qxe8 25. d7 Qg8 26. Qc2 Rd8 27. Qf5 Bxg2 28. Rh4
Kf7 29. Rh7+ Qxh7 30. Qxh7+ Ke6 31. f3 1-0

[Event "15th HZ Open"]
[Site "Vlissingen NED"]
[Date "2011.07.31"]
[Round "2"]
[White "Deepan, Chakkravarthy J."]
[Black "Hortensius, Lisa"]
[Result "1-0"]
[WhiteTitle "GM"]
[WhiteElo "2470"]
[BlackElo "2088"]
[WhiteFideId "5011132"]
[BlackFideId "1012339"]
[EventDate "2011.07.30"]

1. e4 e6 2. d4 d5 3. Nd2 Nf6 4. e5 Nfd7 5. Bd3 c5 6. c3 Nc6 7. Ngf3 g6 8. O-O
Bg7 9. Bc2 O-O 10. Re1 cxd4 11. cxd4 Qb6 12. Nb3 f6 13. exf6 Nxf6 14. Bg5 Nb4
15. Bb1 Qd6 16. a3 Nc6 17. Bd3 Bd7 18. Rc1 Nh5 19. Bb5 a6 20. Bxc6 Bxc6 21. Nc5
Rfe8 22. Ne5 Nf6 23. Bxf6 Bxf6 24. Qg4 Rac8 25. h4 Re7 26. Rc3 a5 27. Rce3 Be8
28. Nxg6 hxg6 29. Rxe6 Qd8 30. Rxe7 Bxe7 31. Rxe7 Qxe7 32. Qxc8 b6 33. Qe6+ Qxe6
34. Nxe6 Bf7 35. Nf4 1-0

[Event "15th HZ Open"]
[Site "Vlissingen NED"]
[Date "2011.07.31"]
[Round "2"]
[White "Burg, Twan"]
[Black "Bottema, Martin"]
[Result "1-0"]
[WhiteTitle "IM"]
[WhiteElo "2450"]
[BlackElo "2062"]
[WhiteFideId "1010697"]
[BlackFideId "1011006"]
[EventDate "2011.07.30"]

1. e4 e5 2. Nf3 Nc6 3. Bb5 a6 4. Ba4 d6 5. c3 Bd7 6. O-O Nf6 7. Re1 g6 8. d4 b5
9. dxe5 Nxe5 10. Bc2 Bg7 11. Nbd2 O-O 12. Nxe5 dxe5 13. Nb3 Qe7 14. Be3 Rfd8 15.
Bc5 Qe8 16. Qe2 Bf8 17. Qf3 Be7 18. Qg3 Bxc5 19. Nxc5 Bc6 20. Rad1 Rxd1 21. Rxd1
Qe7 22. b4 a5 23. a3 axb4 24. cxb4 Nh5 25. Qe3 Nf4 26. g3 Ne6 27. Nxe6 Qxe6 28.
Rd3 Kg7 29. Rc3 Qd6 30. Rc5 f6 31. Qc3 Ra6 32. h4 h5 33. Kf1 Kh6 34. Bb3 Bd7 35.
Rd5 Bh3+ 36. Kg1 Qe7 37. Rxb5 Rd6 38. Rc5 Rd4 39. Qc1+ g5 40. hxg5+ fxg5 41.
Rc6+ Rd6 42. Rxc7 Qd8 43. Qc5 h4 44. Rc6 Rxc6 45. Qxc6+ Kg7 46. Qb7+ Kh6 47.
Qc6+ Kg7 48. Qd5 Qf6 49. Qg8+ Kh6 50. Qf7 Qd6 51. Kh2 Bg4 52. Bd5 hxg3+ 53. Kxg3
Bd7 54. f3 Bc8 55. Qe8 Bd7 56. Qd8 Kg6 57. Kf2 Kh6 58. Ke1 Kg6 59. Kd2 Kh6 60.
Kc3 Kg6 61. Kb2 Kh6 62. Qh8+ Kg6 63. Qg8+ Kh6 64. Qf7 Bh3 65. Kb3 Bd7 66. a4
Bxa4+ 67. Kxa4 Qa6+ 68. Kb3 Qd3+ 69. Kb2 Qd2+ 70. Ka3 Qd3+ 71. Bb3 1-0

[Event "15th HZ Open"]
[Site "Vlissingen NED"]
[Date "2011.07.31"]
[Round "2"]
[White "Rietveld, Leo"]
[Black "Van Haastert, Edwin"]
[Result "0-1"]
[BlackTitle "IM"]
[WhiteElo "2062"]
[BlackElo "2421"]
[WhiteFideId "1005626"]
[BlackFideId "1003992"]
[EventDate "2011.07.30"]

1. d4 c5 2. Nf3 e6 3. c3 Nf6 4. g3 Nc6 5. Bg2 d5 6. O-O Be7 7. Nbd2 O-O 8. e3
Qc7 9. Qe2 b6 10. e4 cxd4 11. Nxd4 Nxd4 12. cxd4 a5 13. Re1 Ba6 14. Qe3 dxe4 15.
Nxe4 Nd5 16. Qf3 Bb4 17. Nc3 Nxc3 18. bxc3 Qxc3 19. Be3 Rac8 20. d5 exd5 21. Qg4
Rc4 22. Qd7 d4 23. Rec1 dxe3 24. Rxc3 Bxc3 0-1

[Event "15th HZ Open"]
[Site "Vlissingen NED"]
[Date "2011.07.31"]
[Round "2"]
[White "Van Overdam, Jan"]
[Black "Sveshnikov, Vladimir"]
[Result "0-1"]
[BlackTitle "IM"]
[WhiteElo "2062"]
[BlackElo "2407"]
[WhiteFideId "1022741"]
[BlackFideId "11601884"]
[EventDate "2011.07.30"]

1. e4 c5 2. Nc3 g6 3. f4 Bg7 4. Nf3 Nc6 5. Bb5 Nd4 6. O-O a6 7. Bc4 b5 8. Bd5
Rb8 9. d3 e6 10. Bb3 Ne7 11. Nxd4 cxd4 12. Ne2 O-O 13. Qe1 d5 14. e5 Qb6 15. g4
f6 16. exf6 Bxf6 17. Ng3 Bh4 18. Bd2 Bd7 19. Bb4 Rbe8 20. a4 Rf7 21. axb5 axb5
22. Bxe7 Bxe7 23. f5 Bg5 24. fxg6 Be3+ 25. Kg2 hxg6 26. Rxf7 Kxf7 27. Qb4 Kg7
28. Rf1 Bg5 29. Qe1 Be3 30. Qb4 Qc6 31. h3 e5 32. Rf3 Be6 33. Qa5 Qb7 34. Rf1
Bf4 35. Qb4 Qd7 36. Rxf4 exf4 37. Qxd4+ Kg8 38. Qxf4 Rf8 39. Qe3 Bf7 40. d4 b4
41. c3 bxc3 42. bxc3 Rb8 43. Bd1 Qc7 44. Bf3 Re8 45. Qd2 Qe7 46. Ne2 g5 47. Ng3
Qe3 48. Qxe3 Rxe3 49. Nf5 Rxc3 50. h4 gxh4 51. Nxh4 Kg7 52. Kg3 Rd3 53. Nf5+ Kf6
54. Kf4 Ke6 55. Be2 Rd2 56. Ke3 Ra2 57. Bf3 Bg6 58. Bxd5+ Kxd5 59. Ne7+ Kc4 60.
Nxg6 Rg2 61. d5 Kc5 62. Kf3 Rg1 63. Nf4 Kd6 64. Nh3 Rd1 65. g5 Rxd5 66. Kg4 Ke5
67. Nf2 Rd4+ 68. Kf3 Kf5 69. Ke3 Rh4 70. Kf3 Kxg5 71. Ne4+ Kf5 72. Ng3+ Ke5 73.
Ne2 Ra4 74. Ke3 Ra3+ 75. Kd2 Ke4 76. Nc3+ Kf4 77. Ne2+ Kf3 78. Nc3 Kf4 79. Kd3
Ke5 80. Kc4 Ra8 0-1

[Event "15th HZ Open"]
[Site "Vlissingen NED"]
[Date "2011.07.31"]
[Round "2"]
[White "Poetsch, Hagen"]
[Black "Van Der Zalm, Marnix"]
[Result "1-0"]
[WhiteTitle "IM"]
[WhiteElo "2403"]
[BlackElo "2058"]
[WhiteFideId "24615137"]
[BlackFideId "1004611"]
[EventDate "2011.07.30"]

1. e4 d6 2. d4 Nf6 3. Nc3 g6 4. f4 Bg7 5. Nf3 O-O 6. Bd3 Na6 7. O-O c5 8. d5 Bg4
9. Bc4 Nc7 10. h3 Bxf3 11. Qxf3 Rb8 12. a4 Nd7 13. Be3 a6 14. a5 Nb5 15. Nxb5
axb5 16. Bxb5 Bxb2 17. Ra2 Bg7 18. g4 e6 19. Rd1 exd5 20. Rxd5 Nf6 21. Rd2 Qe7
22. Ra4 h6 23. Kg2 Nh7 24. e5 dxe5 25. Rd7 Qf6 26. Re4 exf4 27. Rxf4 Qe6 28.
Bxc5 Ng5 29. Qd3 Rfe8 30. h4 Be5 31. Rb4 Rbc8 32. Rd5 Nh7 33. Bxe8 Rxe8 34. Re4
Qc8 35. Kf1 Bc7 36. Rxe8+ Qxe8 37. Bb6 Bxb6 38. axb6 Qe7 39. Rd8+ Nf8 40. Qd6
Qxd6 41. Rxd6 1-0

[Event "15th HZ Open"]
[Site "Vlissingen NED"]
[Date "2011.07.31"]
[Round "2"]
[White "Brookes, Christopher"]
[Black "Tan, Matthew"]
[Result "1/2-1/2"]
[BlackTitle "FM"]
[WhiteElo "2056"]
[BlackElo "2400"]
[WhiteFideId "4669355"]
[BlackFideId "1011316"]
[EventDate "2011.07.30"]

1. e4 e6 2. d4 d5 3. Nc3 Bb4 4. e5 Ne7 5. Qg4 c5 6. a3 Bxc3+ 7. bxc3 O-O 8. Bd3
f5 9. exf6 Rxf6 10. Bg5 Rf7 11. Qh5 g6 12. Qd1 Qa5 13. Bd2 Nbc6 14. Nf3 c4 15.
Be2 Nf5 16. O-O Bd7 17. Re1 Nd6 18. Ng5 Rf6 19. Bg4 Re8 20. h4 h6 21. h5 hxg5
22. Bxg5 Ref8 23. Bxf6 Rxf6 24. Re3 Ne4 25. Qe1 gxh5 26. Bxh5 Qc7 27. Qe2 e5 28.
dxe5 Rxf2 29. Qe1 Rf5 30. Bg6 Rg5 31. Bxe4 dxe4 32. Rg3 Qb6+ 33. Kh2 Bg4 34.
Qxe4 Nxe5 35. Qd4 Qh6+ 36. Kg1 Qg7 37. Re1 Nf7 38. Re8+ Kh7 39. Qe4+ Bf5 40.
Qh4+ Qh6 41. Qxh6+ Kxh6 42. Rf3 Nd6 43. Re5 Kg6 1/2-1/2

[Event "15th HZ Open"]
[Site "Vlissingen NED"]
[Date "2011.07.31"]
[Round "2"]
[White "Bosboom, Manuel"]
[Black "Rademakers, Maarten"]
[Result "1-0"]
[WhiteTitle "IM"]
[WhiteElo "2399"]
[BlackElo "2054"]
[WhiteFideId "1000080"]
[BlackFideId "1026003"]
[EventDate "2011.07.30"]

1. c4 e5 2. b3 g6 3. Bb2 Bg7 4. e3 f5 5. h4 h6 6. g4 d6 7. gxf5 Bxf5 8. Ne2 Qf6
9. Ng3 Ne7 10. Nxf5 Nxf5 11. Nc3 O-O 12. Ne4 Qf7 13. Qg4 c6 14. Rg1 Nd7 15. Qxg6
Nxh4 16. Qxf7+ Rxf7 17. Bh3 d5 18. cxd5 cxd5 19. Bxd7 Nf3+ 20. Ke2 dxe4 21. Be6
Rd8 22. Rgd1 Ng5 23. Bxf7+ Kxf7 24. Rac1 h5 25. Rc7+ Kg6 26. Rxb7 h4 27. Rxa7
Bf6 28. Bc3 h3 29. Rh1 Kf5 30. b4 Kg4 31. b5 Rh8 32. a4 Nf3 33. Rf7 Bg5 34. Rb7
Bh4 35. Rg7+ Bg5 36. Bxe5 Rd8 37. Bc3 h2 38. b6 1-0

[Event "15th HZ Open"]
[Site "Vlissingen NED"]
[Date "2011.07.31"]
[Round "2"]
[White "Beijerinck, Nick"]
[Black "Leenhouts, Koen"]
[Result "0-1"]
[BlackTitle "IM"]
[WhiteElo "2052"]
[BlackElo "2397"]
[WhiteFideId "1022768"]
[BlackFideId "1008439"]
[EventDate "2011.07.30"]

1. e4 e5 2. Nf3 Nc6 3. Bb5 Nd4 4. Bc4 Nxf3+ 5. Qxf3 Qf6 6. Qg3 Bc5 7. Nc3 c6 8.
d3 d6 9. Be3 Bxe3 10. Qxe3 Ne7 11. O-O Ng6 12. Ne2 Nf4 13. Rae1 h5 14. Nxf4 Qxf4
15. Qxf4 exf4 16. d4 O-O 17. g3 Bh3 18. gxf4 d5 19. exd5 Bxf1 20. Kxf1 Rfe8 21.
Re5 Rxe5 22. fxe5 b5 23. Bd3 cxd5 24. Bxb5 Rb8 25. a4 a6 26. Bxa6 Rxb2 27. c4
Ra2 28. Bb5 dxc4 29. Bxc4 Rxa4 30. Bb3 Rxd4 31. e6 fxe6 32. Bxe6+ Kh7 33. Kg2
Kg6 34. h3 Kg5 35. Bc8 Kf4 36. Be6 Ra4 37. Bd7 Ra5 38. Bc6 Rc5 39. Bd7 Rg5+ 40.
Kf1 Ke4 41. Bc6+ Kd3 42. Bf3 Kd2 43. Bc6 Rc5 44. Bf3 h4 45. Bg4 Rc1+ 46. Kg2 Ke1
47. Bf5 Rc5 48. Bd7 Rc2 49. Kf3 Rxf2+ 50. Kg4 Rd2 51. Bc8 Rd4+ 52. Kg5 Kf2 53.
Kg6 Rc4 54. Bf5 Rc7 55. Bg4 Kg3 56. Kg5 Rc4 57. Bd7 Rc1 58. Kg6 Rh1 59. Kxg7
Rxh3 60. Bxh3 Kxh3 0-1

[Event "15th HZ Open"]
[Site "Vlissingen NED"]
[Date "2011.07.31"]
[Round "2"]
[White "Eisenbeiser, Amadeus"]
[Black "Lukas, Manfred"]
[Result "1-0"]
[WhiteTitle "IM"]
[WhiteElo "2386"]
[BlackElo "2050"]
[WhiteFideId "4678338"]
[BlackFideId "4633440"]
[EventDate "2011.07.30"]

1. e4 c5 2. Nf3 d6 3. d4 cxd4 4. Nxd4 Nf6 5. Nc3 g6 6. Be3 Bg7 7. Qd2 Nc6 8. f3
O-O 9. O-O-O Nxd4 10. Bxd4 Be6 11. Kb1 a6 12. h4 b5 13. g4 Rc8 14. h5 b4 15. Na4
Rb8 16. b3 a5 17. Bb2 Qc7 18. Qh2 Rbc8 19. Bd3 Bd7 20. hxg6 fxg6 21. e5 dxe5 22.
Bxe5 Qc6 23. Bc4+ Be6 24. Rd6 1-0